000 00677nam a2200265Ia 4500
005 20260121170447.0
008 008 260114s9999 xx 000 0 eng d
020 _a9783319709758
037 _aEBOOK
040 _aCRL
040 _beng
040 _cCRL
041 _2eng
041 _aeng
084 _qCRL
100 _aAnju Beniwal, Rashmi Jain, Karl Spracklen
_91064148
245 0 _aGlobal Leisure and the Struggle for a Better World
260 _bSpringer
260 _bSpringer
260 _c2018
856 _uhttps://link.springer.com/openurl?genre=book&isbn=978-3-319-70975-8
942 _cEBOOK
999 _c1629877
_d1629877